| 000 | 01292nam a22003257a 4500 | ||
|---|---|---|---|
| 999 |
_c92848 _d92848 |
||
| 005 | 20230112154453.0 | ||
| 010 | _a 1617EN ENG-112495 ENG-135977 | ||
| 020 |
_a9789351342960 _c685.00 |
||
| 020 |
_a9351342964 _c685.00 |
||
| 035 | _aB-653839-845 | ||
| 035 | _aEN-96027 | ||
| 035 | _aB-665132 | ||
| 035 | _aEN-119509 | ||
| 037 |
_bABC _adpl |
||
| 037 | _bDBAD/PUB | ||
| 082 | _a651.7 | ||
| 245 |
_aBusiness communication : _cby Raymond V. Lesikar...[et al] _bconnecting in a digital world / |
||
| 250 | _a13th ed | ||
| 260 |
_aNoida _bMcGraw Hill Education _c2015 |
||
| 270 |
_aB-4, Sector-63, Gautam Budh Nagar, _bNoida _e201301 |
||
| 300 |
_axxxvii,772p. : _c25cm(pbk) _bill. |
||
| 500 | _aIncludes index | ||
| 650 | _aCommercial correspondence. | ||
| 650 |
_aEnglish language _xBusiness English. |
||
| 650 | _a Business communication. | ||
| 700 | _aLesikar, Raymond V. | ||
| 942 |
_2ddc _cEN _mBUS _h651.7 |
||